Tropical leaf vegetables in human nutrition / (Record no. 2315)

MARC details
000 -LEADER
fixed length control field 00740nam a22002297a 4500
001 - CONTROL NUMBER
control field BD-DhSAU 2315
003 - CONTROL NUMBER IDENTIFIER
control field BD-DhSAU
005 - DATE AND TIME OF LATEST TRANSACTION
control field 20150127143148.0
008 - FIXED-LENGTH DATA ELEMENTS--GENERAL INFORMATION
fixed length control field 150127s1977 ne a |||r|||| 001 0 eng d
040 ## - CATALOGING SOURCE
Original cataloging agency BD-DhSAU
082 ## - DEWEY DECIMAL CLASSIFICATION NUMBER
Edition number 22
Classification number 635.4
Item number OOT
100 ## - MAIN ENTRY--PERSONAL NAME
Personal name Oomen, H A P C
245 ## - TITLE STATEMENT
Title Tropical leaf vegetables in human nutrition /
Statement of responsibility, etc. H A P C Oomen; G J H Grubben
260 ## - PUBLICATION, DISTRIBUTION, ETC. (IMPRINT)
Place of publication, distribution, etc. Amsterdam : Koninklijk Instituut voor de Tropen, 1977.
Name of publisher, distributor, etc. Koninklijk Instituut voor de Tropen,
Date of publication, distribution, etc. 1977.
300 ## - PHYSICAL DESCRIPTION
Extent 140 p. :
Other physical details ill. ;
Dimensions 24 cm.
504 ## - BIBLIOGRAPHY, ETC. NOTE
Bibliography, etc Includes index.
590 ## - Name of Cataloguer
Name of Cataloger erfat
650 ## - SUBJECT ADDED ENTRY--TOPICAL TERM
Topical term or geographic name as entry element Diet
Geographic subdivision Tropics.
650 ## - SUBJECT ADDED ENTRY--TOPICAL TERM
Topical term or geographic name as entry element Edible greens
Geographic subdivision Tropics.
650 ## - SUBJECT ADDED ENTRY--TOPICAL TERM
Topical term or geographic name as entry element Régimes alimentaires
Geographic subdivision Régions tropicales.
700 ## - ADDED ENTRY--PERSONAL NAME
Personal name Grubben, G J H
942 ## - ADDED ENTRY ELEMENTS (KOHA)
Source of classification or shelving scheme Dewey Decimal Classification
Koha item type Book
Holdings
Withdrawn status Lost status Source of classification or shelving scheme Damaged status Not for loan Home library Branch Name Shelving location Date acquired Total Checkouts Full call number Barcode Date last seen Price effective from Koha item type
    Dewey Decimal Classification     SAU Library SAU Library General Stacks 05/04/1989   635.4 OOT 12509 27/01/2015 27/01/2015 Book